Sports Quiz

Random Sports or NCAA Quiz

NCAA Top 100 Bowl Teams Quiz Stats

 Plays Quiz Updated Oct 12, 2018

Challenge
Share
Tweet
Embed
Score 0/100 Timer 15:00
4 Plays Today
Games School % Correct
68Alabama Crimson Tide
97.4%
43Florida Gators
96.4%
54Texas Longhorns
96.4%
46Michigan Wolverines
95.5%
11Ohio Bobcats
95.1%
52USC Trojans
94.4%
51Oklahoma Sooners
93%
48Ohio State Buckeyes
92.8%
46Florida State Seminoles
92.7%
49LSU Tigers
92.2%
54Georgia Bulldogs
92%
31Oregon Ducks
91.9%
36UCLA Bruins
90.7%
33North Carolina Tar Heels
89.6%
27Michigan State Spartans
89.6%
38Miami (FL) Hurricanes
89.3%
37Washington Huskies
89.3%
11Miami (OH) RedHawks
89.2%
36Notre Dame Fighting Irish
88.7%
48Penn State Nittany Lions
88.3%
52Tennessee Volunteers
87.1%
20Arizona Wildcats
86.9%
53Nebraska Cornhuskers
86.9%
39Texas A&M Aggies
86.8%
19Virginia Cavaliers
86.7%
37Mississippi Rebels
86.3%
28Oklahoma State Cowboys
85.9%
42Auburn Tigers
85.6%
12Kansas Jayhawks
85.5%
29Wisconsin Badgers
85.4%
22South Carolina Gamecocks
85.2%
15Oregon State Beavers
84.8%
31Iowa Hawkeyes
84.7%
30Arizona State Sun Devils
84.3%
Games School % Correct
17Kentucky Wildcats
84%
38Texas Tech Red Raiders
83.8%
14Washington State Cougars
83%
22California Golden Bears
82.8%
18Illinois Fighting Illini
82.5%
42Arkansas Razorbacks
82.2%
31Virginia Tech Hokies
82.2%
11Indiana Hoosiers
82.1%
44Georgia Tech Yellow Jackets
81.7%
21Kansas State Wildcats
81.7%
29Colorado Buffaloes
81.5%
27Stanford Cardinal
81.3%
18Boise State Broncos
79.9%
19Minnesota Golden Gophers
79.8%
42Clemson Tigers
79.8%
21Utah Utes
79.1%
32Missouri Tigers
78.9%
13Duke Blue Devils
78.1%
36West Virginia Mountaineers
77.9%
21Mississippi State Bulldogs
77.6%
25Syracuse Orange
76.9%
23Navy Midshipmen
76.2%
33Pittsburgh Panthers
75.9%
27Maryland Terrapins
75.1%
13Iowa State Cyclones
74.6%
33TCU Horned Frogs
74.5%
31North Carolina State Wolfpack
73.3%
23Baylor Bears
71.4%
26Boston College Eagles
71.4%
18Purdue Boilermakers
70.3%
35Brigham Young Cougars
69.6%
22Louisville Cardinals
69.5%
13Northwestern Wildcats
69.3%
13New Mexico Lobos
69.2%
Games School % Correct
9Rutgers Scarlet Knights
69%
26Air Force Falcons
68%
17Colorado State Rams
67%
11Hawai'i Warriors
63.8%
9Central Florida Knights
63.5%
15Nevada Wolf Pack
63.4%
24Houston Cougars
62.6%
16SMU Mustangs
60.4%
11Utah State Aggies
59.7%
15Wyoming Cowboys
59.7%
12Wake Forest Demon Deacons
59.1%
9South Florida Bulls
57.4%
17Cincinnati Bearcats
56.2%
10Memphis Tigers
56%
13San Diego State Aztecs
55.1%
11Tulane Green Wave
51.3%
13Marshall Thundering Herd
50.3%
21Tulsa Golden Hurricane
46.3%
12Rice Owls
45.6%
11Central Michigan Chippewas
45.2%
17Toledo Rockets
44.6%
14UTEP Miners
44.6%
24Fresno State Bulldogs
43.5%
12Northern Illinois Huskies
40.7%
10Louisiana Tech Bulldogs
40%
12Bowling Green Falcons
40%
21Southern Mississippi Golden Eagles
36.5%
15East Carolina Pirates
36.2%
8Vanderbilt
34.8%
10San Jose State Spartans
34.5%
9North Texas Mean Green
30%
8Arkansas State
8.9%

You're not logged in!

Compare scores with friends on all Sporcle quizzes.
OR
Log In

You Might Also Like...

Show Comments

Extras

Top Quizzes Today


Score Distribution

Your Account Isn't Verified!

In order to create a playlist on Sporcle, you need to verify the email address you used during registration. Go to your Sporcle Settings to finish the process.

Report this User

Report this user for behavior that violates our Community Guidelines.

Details: